Migrant Epistemologies in Indian Nonfiction of the Long Twentieth Century (Record no. 215693)

MARC details
000 -LEADER
fixed length control field 00608nam a22001937a 4500
005 - DATE AND TIME OF LATEST TRANSACTION
control field 20260320150107.0
010 ## - LCCN (DPL NO)
LC control number ENG-148097
020 ## - INTERNATIONAL STANDARD BOOK NUMBER
International Standard Book Number 9789395474467
Terms of availability 1695.00
035 ## - SYSTEM CONTROL NUMBER
System control number EN-131629
037 ## - SOURCE OF ACQUISITION
Source of stock number/acquisition DBAD
082 ## - DEWEY DECIMAL CLASSIFICATION NUMBER
Classification number 301.0954
Edition number 1
100 ## - MAIN ENTRY--PERSONAL NAME
Personal name Basu, Manisha
245 ## - TITLE STATEMENT
Title Migrant Epistemologies in Indian Nonfiction of the Long Twentieth Century
Statement of responsibility, etc Manisha Basu
250 ## - EDITION STATEMENT
Edition statement 1
260 ## - PUBLICATION, DISTRIBUTION, ETC. (IMPRINT)
Place of publication, distribution, etc New Delhi
Name of publisher, distributor, etc Sanctum Books
Date of publication, distribution, etc 2025
270 ## - ADDRESS
Address 68 Medical Association Road, Darya Ganj
City New Delhi
Postal code 110002
300 ## - PHYSICAL DESCRIPTION
Extent 226p.
Dimensions 24cm(hb)
Other physical details Index
942 ## - ADDED ENTRY ELEMENTS (KOHA)
Item type English Books
Classification part 301.0954
Source of classification or shelving scheme Dewey Decimal Classification
Call number suffix BAS
Holdings
Withdrawn status Lost status Not for loan Collection code Home library Current library Date acquired Source of acquisition Cost, normal purchase price Full call number Barcode Copy number Cost, replacement price Koha item type
      Non-fiction D.B.Act.Division D.B.Act.Division 20/03/2026 Delivery of Books Act Division 1695.00 301.0954 BAS EN-131629 1 1695.00 English Books

© Delhi Public Library
Hit Counter
free hit counter